000 00777nam a2200277Ia 4500
001 Z_7002
003 CHAP
008 220113s9999 xx 000 0 und d
010 _a170274
020 _a978-93-86546-55-5
040 _cCHAP
082 _a519.5021 G64
100 _aGoel, Rakesh
_9146534
245 _aStatistics and computers for animal and veterinary sciences : fundamentals and applications /
_cRakesh Goel
260 _aIndia :
_bNIPA,
_c
300 _axiii, 196 p.
503 _aej.1: C/E \ ej.2: consumo \ ej.3: consumo \ ej.4: consumo
650 _aEstadística
_938241
650 _aVeterinaria
_x
_x Métodos estadísticos
_9146188
901 _a519.5021 G64
902 _aM
910 _a
942 _c1
942 _cc1
999 _c170274
_d170274